| 000 | 00872nam a22002773u 4500 | ||
|---|---|---|---|
| 001 | DHIM2026022411180044 | ||
| 003 | RU-10907106 | ||
| 005 | 20260225081945.0 | ||
| 007 | tu | ||
| 008 | 260224s2019 ru ||| ||| 000 0 rus d | ||
| 020 |
_9978-5-7598-1939-4 _a9785759819394 |
||
| 040 |
_aRU-10907106 _bger _cRU-10907106 |
||
| 041 | _arus | ||
| 100 | 1 |
_4aut _aKormina, Ž. V. _qKormina, Žanna Vladimirovna _968600 |
|
| 245 | 0 |
_aPalomniki _bĖtnografičeskie očerki pravoslavnogo nomadizma |
|
| 264 | 1 |
_aMoskva _bIzdatel'skij dom vysšej školy ėkonomiki _c2019 |
|
| 300 | _a349 Seiten | ||
| 336 |
_2rdacontent _aText _btxt |
||
| 337 |
_2rdamedia _aOhne Hilfsmittel zu benutzen _bn |
||
| 338 |
_2rdacarrier _aBand _bnc |
||
| 650 |
_aRussisch-Orthodoxe Kirche _96601 |
||
| 650 |
_aNomadismus _968601 |
||
| 650 |
_aPilger _99951 |
||
| 651 | _aRussland | ||
| 942 |
_2z _cMG |
||
| 999 |
_c73800 _d73800 |
||